Understanding machine learning: From theory to algorithms (Record no. 29002)

MARC details
000 -LEADER
fixed length control field 00491nam a2200169Ia 4500
008 - FIXED-LENGTH DATA ELEMENTS--GENERAL INFORMATION
fixed length control field 230917s9999||||xx |||||||||||||| ||und||
020 ## - ISBN
Price RS995
040 ## - CATALOGING SOURCE
-- 249975
Original cataloging agency VIVEKANANDA LIBRARY
041 ## - Language
-- English
082 ## - DDC NUMBER
Classification number 006.31 S16U
100 ## - MAIN ENTRY--PERSONAL NAME
Personal name Shalev-Shwartz, Shai
245 #0 - TITLE STATEMENT
Title Understanding machine learning: From theory to algorithms
260 ## - PUBLICATION, DISTRIBUTION, ETC. (IMPRINT)
Place of publication, distribution, etc Delhi
Name of publisher, distributor, etc Cambridge University Press
Date of publication, distribution, etc 2017
300 ## - PHYSICAL DESCRIPTION
Pages xvi, 397 p.
500 ## - GENERAL NOTE
General note 3327 27/11/2018 HBD18/7568 10/12/2018 Main Budget
942 ## - ADDED ENTRY ELEMENTS (KOHA)
Koha item type Books
Holdings
Withdrawn status Lost status Damaged status Not for loan Location (home branch) Sublocation or collection (holding branch) Date acquired Koha issues (times borrowed) Koha full call number Accession No. Koha date last seen Koha item type Shelving location
        VIVEKANANDA LIBRARY VIVEKANANDA LIBRARY 12/01/2019 1 006.31 S16U 381655 07/04/2025 Books  
        VIVEKANANDA LIBRARY VIVEKANANDA LIBRARY 12/01/2019   006.31 S16U 381656 17/09/2023 Books  
        VIVEKANANDA LIBRARY VIVEKANANDA LIBRARY 12/01/2019 2 006.31 S16U 381657 08/04/2025 Books  
        VIVEKANANDA LIBRARY VIVEKANANDA LIBRARY 12/01/2019 2 006.31 S16U 381658 23/10/2025 Books  
        VIVEKANANDA LIBRARY VIVEKANANDA LIBRARY 12/01/2019 1 006.31 S16U 381659 17/04/2026 Books  
        VIVEKANANDA LIBRARY VIVEKANANDA LIBRARY 12/01/2019   006.31 S16U 385244 17/09/2023 Books UIET Library
© Designed and Maintained by Vivekananda Library, MDU Rohtak